| 000 | 01015nam a2200301 4500 | ||
|---|---|---|---|
| 999 |
_c28714 _d28685 |
||
| 001 | 3133865 | ||
| 003 | EG-ScBUE | ||
| 005 | 20200913121142.0 | ||
| 008 | 721124s1972 enk f b 000 0 eng d | ||
| 020 | _a0710073771 (pbk) | ||
| 040 |
_aDLC _beng _erda _cDLC _dDLC _dEG-ScBUE |
||
| 082 | 0 | 4 |
_a301.36 _bNOT _222 |
| 100 | 1 |
_aNottridge, Harold E., _eauthor. |
|
| 245 | 1 | 4 |
_aThe sociology of urban living / _cHarold E. Nottridge, senior lecturer in sociology, Dudley College of Education. |
| 264 | 1 |
_aLondon ; _aBoston, Mass : _bPoutledge & Kegan Paul, _c1972. |
|
| 300 |
_aix, 115 pages ; _c19 cm. |
||
| 336 |
_2rdacontent _atext _btxt |
||
| 337 |
_2rdamedia _aunmediated _bn |
||
| 338 |
_2rdacarrier _avolume _bnc |
||
| 350 | _a£1.50 | ||
| 490 | 0 | _aStudents library of sociology | |
| 504 | _aIncludes bibliographical references. | ||
| 650 | 7 |
_aSociology, Urban. _2BUEsh |
|
| 653 |
_bGGEN _cSeptember2020 |
||
| 655 |
_vReading book _934232 |
||
| 906 |
_a7 _bcbc _corignew _d3 _eopcn _f19 _gy-gencatlg |
||
| 942 |
_2ddc _cBB |
||